| 000 | 00518nam a22001937a 4500 | ||
|---|---|---|---|
| 005 | 20251108164054.0 | ||
| 008 | 250721s1995 xx 000 0 ara d | ||
| 082 | 1 | 4 | _a615.1/خل |
| 100 | 1 | _aخلة، إميل | |
| 245 | 1 | 0 | _aوقايتك و علاجك / |
| 264 | 1 |
_aالقاهرة : _bمكتبة العرب، _c1995. |
|
| 300 | _a96ص | ||
| 490 | 0 | _aصنعك أولاً | |
| 650 | 1 | 7 | _aعلم الأدوية |
| 650 | 1 | 7 | _aالصحة |
| 650 | 1 | 7 | _aالوقاية الصحية |
| 942 |
_2ddc _cBK |
||
| 999 |
_c2911 _d2911 |
||